000 00775nam a2200265 i 4500
001 53077
003 ES-MaACL
005 20240412063005.0
007 t|
008 031007s1999 sp ||||0| spa j
020 _a84-8310-643-4
040 _aM-BN
_bspa
_cM-BN
080 _a821.111(73)-293.7"19"
100 0 _aAllen, Woody,
_d1935-
_920005
245 1 0 _aManhattan /
_cWoody Allen ; [traducción de José Luis Guarner].
250 _a1ª ed. en Fábula.
260 _aBarcelona :
_bTusquets,
_c1999.
300 _a136 p :
_bil ;
_c20 cm.
490 1 _aFábula ;
_v120
700 1 _aGuarner, José Luis.
_960339
830 0 _aFábula ;
_v120
_9179737
852 _aES-MaACL
_jL-26493
_bR.131771
999 _c53077
_d53077